Logos Polytechnikos

Na minha lista:
Detalhes bibliográficos
Formato: Periódico
Idioma:tcheco
Publicado em: Jihlava Vysoká škola polytechnická 2017
Tags: Adicionar Tag
Sem tags, seja o primeiro a adicionar uma tag!

MARC

LEADER 00000nas2a2200000 4500
001 0240909
005 20180306124029.2
022 |a 1804-3682 
041 0 |a cze 
044 |a CZ 
245 1 0 |a Logos Polytechnikos 
264 1 |a Jihlava  |b Vysoká škola polytechnická  |c 2017 
773 0 |w eu_un_cat*0162083